000
00250nam a2200109Ia 4500
100
_a
Pandey/Braj Raman
942
_c
BK
245
_a
Test your knowledge in Machine Drawing
260
_b
Curriculum Centre
_c
2001
082
_a
602.2
546
_a
ENGLISH
999
_c
24372
_d
24372